000 01633nam a22001815a 4500
001 in503469349
005 20260218135626.0
008 260217s2026 |||| ||| ||||||||||||
010 _a 2025030089
020 _a9780593199336
_c$30.00
020 _a0593199332
_c$30.00
082 0 0 _aFIC
100 1 _aButcher, Jim
_931023
245 1 0 _aTwelve Months
260 _bAce Books
_c20260120
264 _bAce Books
_c20260120
520 _a"Harry Dresden, Chicago's only professional wizard, has always managed to save the day--but ... can he save himself? One year. 365 days. Twelve months. Harry Dresden has been through a lot, and so has his city. After Harry and his allies narrowly managed to save Chicago from being razed to the ground, everything is different--and it's not just the current lack of electricity. In the battle, Harry lost people he cared about. And that's the kind of loss that takes a toll. Harry being Harry, he's doing his level best to help the city and his friends recover and rebuild. But it's a heavy load, and he needs time. But time is one thing Harry doesn't have. Ghouls are prowling Chicago and taking out innocent civilians. Harry's brother is dying, and Harry doesn't know how to help him. And last but certainly not least, the Winter Queen of the Fae has allied with the White Court of vampires--and Harry's been betrothed to the seductive, deadly vampire Lara Raith to seal the deal. It's been a tough year. More than ever, the city needs Harry Dresden the wizard--but after loss and grief, is there enough left of Harry Dresden the man to rise to the challenge?"--Provided by publisher.
999 _c415276
_d415276